000
002490000a22000970004500
100
1
_a
Hess, Richard
245
1
0
_a
Review article
300
_a
Vol. 10, Num. 1 (1992), Páginas 59-67
773
0
_t
Scottish Bulletin of Evangelical Theology
942
_c
ANA
999
_c
55695
_d
55695